The super life of Ben Braver. #1 / written and ... Read More
Available copies
- 2 of 2 copies available at LARL/NWRL Consortium. (Show)
- 2 of 2 copies available at Lake Agassiz Regional Library.
Current holds
0 current holds with 2 total copies.
Show Only Available Copies
| Location | Call Number / Copy Notes | Barcode | Shelving Location | Status | Due Date |
|---|---|---|---|---|---|
| Climax Public Library | J EME (Text) | 33500012672887 | Main | Available | - |
| Moorhead Public Library | J EME (Text) | 33500012672895 | Main | Available | - |
Record details
- ISBN: 9781626727106
- ISBN: 1626727104
- Physical Description: 309 pages : illustrations ; 22 cm
- Edition: First Edition.
- Publisher: New York, NY : Roaring Brook Press, 2018.
- Copyright: ©2018
Content descriptions
| Summary, etc.: | Ben Braver is sent to a secret school where kids ... Read More |
Search for related items by subject
| Subject: | Superheroes > Juvenile fiction. Schools > Juvenile fiction. Superheroes > Fiction. Schools > Fiction. Schools > Fiction. Superheroes > Fiction. |
| Genre: | Fiction. Juvenile works. Humorous fiction. |
Search for related items by series
| LDR | 01977cam a2200505Ii 4500 | ||
|---|---|---|---|
| 001 | 282492 | ||
| 003 | LARL_NWRL_CONSORTIUM | ||
| 005 | 20180410202405.0 | ||
| 008 | 180302t20182018nyua j 000 1 eng d | ||
| 010 | . | ‡a 2017944678 | |
| 040 | . | ‡aCGL ‡beng ‡erda ‡cCGL ‡dOI6 ‡dJOY ‡dKVIJL ‡dOCJ ‡dOCLCO ‡dYDX ‡dBTCTA ‡dBDX ‡dCHILD ‡dEHH ‡dD9M | |
| 019 | . | ‡a974471677 ‡a974562084 ‡a974694470 | |
| 020 | . | ‡a9781626727106 ‡q(hardcover) | |
| 020 | . | ‡a1626727104 ‡q(hardcover) | |
| 035 | . | ‡a(OCoLC)1026501743 ‡z(OCoLC)974471677 ‡z(OCoLC)974562084 ‡z(OCoLC)974694470 | |
| 082 | 0 | 4. | ‡a[Fic] ‡223 |
| 100 | 1 | . | ‡aEmerson, Marcus, ‡eauthor, ‡eillustrator. ‡0(LARL_NWRL_CONSORTIUM)222177 |
| 245 | 1 | 4. | ‡aThe super life of Ben Braver. ‡n#1 / ‡cwritten and illustrated by Marcus Emerson. |
| 250 | . | ‡aFirst Edition. | |
| 264 | 1. | ‡aNew York, NY : ‡bRoaring Brook Press, ‡c2018. | |
| 264 | 4. | ‡c©2018 | |
| 300 | . | ‡a309 pages : ‡billustrations ; ‡c22 cm | |
| 336 | . | ‡atext ‡btxt ‡2rdacontent | |
| 336 | . | ‡astill image ‡bsti ‡2rdacontent | |
| 337 | . | ‡aunmediated ‡bn ‡2rdamedia | |
| 338 | . | ‡avolume ‡bnc ‡2rdacarrier | |
| 490 | 0 | . | ‡aBen Braver ; ‡v1 |
| 520 | . | ‡aBen Braver is sent to a secret school where kids with super abilities learn to control their powers, even though he does not have any super abilities and no one has ever thought he could be special. | |
| 650 | 0. | ‡aSuperheroes ‡vJuvenile fiction. | |
| 650 | 0. | ‡aSchools ‡vJuvenile fiction. ‡0(LARL_NWRL_CONSORTIUM)167227 | |
| 650 | 1. | ‡aSuperheroes ‡vFiction. | |
| 650 | 1. | ‡aSchools ‡vFiction. ‡0(LARL_NWRL_CONSORTIUM)167222 | |
| 650 | 4. | ‡aSchools ‡vFiction. ‡0(LARL_NWRL_CONSORTIUM)167222 | |
| 650 | 4. | ‡aSuperheroes ‡vFiction. | |
| 655 | 7. | ‡aFiction. ‡2fast | |
| 655 | 7. | ‡aJuvenile works. ‡2fast | |
| 655 | 7. | ‡aHumorous fiction. ‡2lcgft | |
| 905 | . | ‡uvanderl | |
| 901 | . | ‡a282492 ‡b ‡c282492 ‡tbiblio ‡soclc | |

Add to basket
Permalink
Disable Highlighting